| 000 | 00725nam a22002177a 4500 | ||
|---|---|---|---|
| 003 | 0 | ||
| 005 | 20250809145319.0 | ||
| 008 | 250809b xxu||||| |||| 00| 0 eng d | ||
| 020 | _a978-1-5297-6719-3 | ||
| 050 |
_aP 93.5 _b.R67 2023 |
||
| 100 |
_aRose, Gillian, _eauthor. |
||
| 245 |
_aVisual methodologies : _ban introduction to researching with visual materials / _cGillian Rose. |
||
| 250 | _a5th ed. | ||
| 260 |
_aLondon : _bSage Publications Ltd, _c2023. |
||
| 300 |
_axv, 454 pages : _bcolored illustrations ; _c25 cm. |
||
| 504 | _aIncludes bibliographical references and index. | ||
| 650 | _aVisual communication. | ||
| 650 | _aVisual literacy. | ||
| 650 |
_aQualitative research _xMethodology. |
||
| 942 |
_2lcc _cBK |
||
| 999 |
_c367495 _d367495 |
||